00495nam a2200181 a 4500001001300000003000900013005001700022008004100039020002300080082001800103100002400121245002600145260005000171300000900221500003500230650002400265700002400289nice12345678IN_TiNIC20260116014642.0080110s2005 dela grp 000 0 eng  a8189526138 c49500a297.86bAHM48 aAhmed, Mirza Ghulam aThe Teaching of Islam aDelhi bVista International Pub. House c2005 a165p aincludes index and biblioraphy aAhmadiyya-Teachings1 aAhmed, Mirza Ghulam